Empresa-familia : una relación constructiva /

Obra que plantea la necesidad de que las condiciones laborales de la persona no demeriten su vida personal y familiar. Aboga por una dinámica empresarial que cuide por igual de los requerimientos productivos que del desarrollo integral de sus trabajadores.

Сохранить в:
Библиографические подробности
Главный автор: Ibarra Ramos, Ramón (autor)
Формат:
Язык:испанский
Опубликовано: México : Trillas, 2000, c2000
Предметы:
Метки: Добавить метку
Нет меток, Требуется 1-ая метка записи!

MARC

LEADER 00000nam^a2200000^a^4500
001 000116297
005 20250521000000.0
009 20260310094125.258
020 |a 968-24-6128-6 
037 |a Acervo ITESO - Biblioteca 
041 |a ESP 
082 |a 658. 001  |b IBA 
100 |a Ibarra Ramos, Ramón  |e (autor) 
245 1 0 |a Empresa-familia :  |b una relación constructiva /  |c R. Ibarra Ramos ; pról. de Rafael Alvira. 
264 4 |a México :  |b Trillas,  |c 2000, c2000 
300 |a 173 p. 
336 |a texto  |b txt  |2 rdacontenido 
337 |a sin mediación  |b n  |2 rdamedio 
338 |a volumen  |b nc  |2 rdasoporte 
520 |a Obra que plantea la necesidad de que las condiciones laborales de la persona no demeriten su vida personal y familiar. Aboga por una dinámica empresarial que cuide por igual de los requerimientos productivos que del desarrollo integral de sus trabajadores. 
649 |a XX 
650 |a Empresa y Sociedad 
650 |a Trabajo -  |x Aspectos Sociales y Culturales 
650 |a Familia 
650 |a Sociología Laboral 
650 |a Ciencias Administrativas 
910 |a Fondo General 
920 |a Impresos - Libros 
930 |a Colección General 
905 |a 101 
901 |a 0500050513  |b IT1  |c ACC  |u 20250521 
902 |a https://opac.biblio.iteso.mx/vufind/Record/000116297